[Event "SLO-chT U20 Girls"]
[Site "Murska Sobota"]
[Date "2017.08.28"]
[Round "2"]
[White "Ujcic, Nika"]
[Black "Novak, Ajda"]
[Result "0-1"]
[WhiteElo "1507"]
[BlackElo "1626"]
[PlyCount "92"]
[EventDate "2017.08.28"]
[EventType "team-swiss"]
[EventRounds "5"]
[EventCountry "SLO"]
[SourceTitle "EXT 2022"]
[Source "ChessBase"]
[SourceDate "2021.10.06"]
[SourceVersion "1"]
[SourceVersionDate "2021.10.06"]
[SourceQuality "1"]

1. e4 e5 2. Bc4 Nf6 3. Nc3 Nc6 4. Nf3 Nxe4 5. Nxe4 d5 6. Bd3 dxe4 7. Bxe4 Bc5 8. d3 Nd4 9. Nxd4 Qxd4 10. 0-0 0-0 11. c3 Qd6 12. Bg5 h6 13. Bd2 f5 14. Bf3 Qg6 15. Bh5 Qf6 16. h3 g6 17. Bf3 Be6 18. d4 e4 19. Be2 Bd6 20. Qa4 c6 21. c4 Qxd4 22. Bc3 Qc5 23. b4 b5 24. bxc5 bxa4 25. Rad1 Bxc5 26. Rd2 e3 27. fxe3 Bxe3+ 28. Kh1 Bxd2 29. Bxd2 Rfd8 30. Bc3 Rd7 31. c5 Rad8 32. Kh2 Rd5 33. Re1 Rxc5 34. Bb4 Rc2 35. Bf1 Bc4 36. Bxc4+ Rxc4 37. Ba3 Rc2 38. Re6 Rxa2 39. Be7 Re8 40. Rxg6+ Kf7 41. Bf6 Kxg6 42. Bh4 Ree2 43. Kg3 Rxg2+ 44. Kf4 Rh2 45. Kg3 f4+ 46. Kg4 h5+ 0-1